[Event "EU-ch blitz"]
[White "Riazantsev, Alexander"]
[Black "Olenina, Aysa"]
[Site "Minsk"]
[Round "4.16"]
[Result "0-1"]
[Date "2015.12.18"]
[WhiteElo "2646"]
[BlackElo "2069"]
[PlyCount "166"]
[EventDate "2015.12.18"]
[EventType "swiss (blitz)"]
[EventRounds "22"]
[EventCountry "BLR"]
[SourceTitle "EXT 2017"]
[Source "ChessBase"]
[SourceDate "2016.10.25"]
[SourceVersion "1"]
[SourceVersionDate "2016.10.25"]
[SourceQuality "1"]

1. e4 c6 2. d4 d5 3. Nd2 dxe4 4. Nxe4 Bf5 5. Ng3 Bg6 6. Nf3 Nd7 7. Bd3 e6 8. 0-0 Qc7 9. c4 Ngf6 10. b3 Bd6 11. Bb2 0-0 12. Qc2 a5 13. Rad1 a4 14. Rfe1 Rfe8 15. Ne5 axb3 16. axb3 Ra2 17. Qb1 Raa8 18. Bxg6 hxg6 19. c5 Be7 20. Nc4 Nd5 21. Ne4 N7f6 22. Ned6 Bxd6 23. Nxd6 Red8 24. h3 Ne8 25. Nc4 b5 26. cxb6 Nxb6 27. Qc2 Nd5 28. Ne5 Rdc8 29. Rc1 Ra6 30. Bc3 Nd6 31. Bd2 Nf5 32. Qc4 Qb7 33. b4 Rb6 34. Rb1 Rb8 35. Rec1 Nfe7 36. Rb2 Ra6 37. Nd3 Raa8 38. Nc5 Qb5 39. Ne4 Qxc4 40. Rxc4 Ra1+ 41. Kh2 Rd1 42. Nc3 Nxc3 43. Rxc3 Ra1 44. Bf4 Rd8 45. Rc4 f6 46. Bc7 Rd7 47. Bb6 Ra4 48. Bc5 Nd5 49. Rc1 Rb7 50. Bd6 Ra6 51. Re1 Kf7 52. Rc1 g5 53. Rbc2 Nxb4 54. Bxb4 Rxb4 55. Rxc6 Rxc6 56. Rxc6 Rxd4 57. f3 f5 58. Kg3 Rd2 59. Rc5 Kf6 60. Ra5 g6 61. Ra6 Re2 62. Rb6 Ke5 63. Rb5+ Kf6 64. Rb6 f4+ 65. Kh2 Kf5 66. Rb5+ e5 67. Rb8 Rd2 68. Rf8+ Ke6 69. Re8+ Kf6 70. Rf8+ Ke7 71. Rg8 Kf7 72. Rb8 e4 73. fxe4 Re2 74. Rb4 Kf6 75. Ra4 Ke5 76. Ra5+ Kf6 77. Ra4 f3 78. Kg3 fxg2 79. Kh2 Ke5 80. Ra5+ Kf4 81. Ra4 Kf3 82. Ra3+ Kf2 83. Rg3 Kf1 0-1

[Event "Moscow op-B (Women)"]
[White "Charochkina, Daria"]
[Black "Olenina, Aysa"]
[Site "Moscow"]
[Round "4"]
[Result "1-0"]
[Date "2015.02.03"]
[WhiteElo "2370"]
[BlackElo "2077"]
[PlyCount "125"]
[EventDate "2015.01.31"]
[EventType "swiss"]
[EventRounds "9"]
[EventCountry "RUS"]
[SourceTitle "CBM 164 Extra"]
[Source "ChessBase"]
[SourceDate "2015.03.02"]
[SourceVersion "1"]
[SourceVersionDate "2015.03.02"]
[SourceQuality "1"]

1. c4 e5 2. Nc3 Nf6 3. g3 Be7 4. Bg2 0-0 5. Nf3 d6 6. d4 Nbd7 7. 0-0 c6 8. Qc2 Qc7 9. b3 Re8 10. e4 Nf8 11. Bb2 Ng6 12. Nd1 Bd7 13. Ne3 Bf8 14. Rad1 Qc8 15. dxe5 dxe5 16. Nf5 c5 17. Nd2 Qc7 18. Nb1 Ne7 19. Nd6 Red8 20. Bxe5 Nc6 21. Bxf6 gxf6 22. Nb5 Qa5 23. Qe2 Bg7 24. Nd6 Nd4 25. Qh5 Qxa2 26. Qxf7+ Kh8 27. e5 fxe5 28. Qh5 Qe2 29. Qxe2 Nxe2+ 30. Kh1 Be6 31. Nxb7 Rxd1 32. Rxd1 Rf8 33. Nxc5 Bg4 34. Re1 Nd4 35. h3 Bh5 36. Kg1 Ne2+ 37. Kh2 Nd4 38. g4 Bg6 39. Kg1 Rc8 40. Nd7 Rc7 41. Nb8 Nxb3 42. Bd5 a5 43. Na3 Nc5 44. Nb5 Rc8 45. Nc6 Nd3 46. Re3 Rf8 47. Ne7 Nxf2 48. Nd6 Bh6 49. Ra3 Bc1 50. Ra1 Be3 51. Kh2 Bb6 52. Nxg6+ hxg6 53. Nf7+ Kg7 54. Ng5 Rh8 55. Rb1 Be3 56. Rb7+ Kf6 57. Nh7+ Rxh7 58. Rxh7 g5 59. Rh6+ Kg7 60. Ra6 Nd3 61. Rxa5 Nc5 62. Kg2 e4 63. Bxe4 1-0

[Event "Wch U20 Girls 32nd"]
[White "Olenina, Aysa"]
[Black "Frayna, Janelle Mae"]
[Site "Pune"]
[Round "13"]
[Result "1/2-1/2"]
[Date "2014.10.19"]
[WhiteElo "2077"]
[BlackElo "2140"]
[PlyCount "89"]
[EventDate "2014.10.06"]
[EventType "swiss"]
[EventRounds "13"]
[EventCountry "IND"]
[SourceTitle "EXT 2015"]
[Source "ChessBase"]
[SourceDate "2014.11.20"]
[SourceVersion "1"]
[SourceVersionDate "2014.11.20"]
[SourceQuality "1"]

1. e4 e6 2. d4 d5 3. Nd2 c5 4. c3 cxd4 5. cxd4 dxe4 6. Nxe4 Nd7 7. Nf3 Ngf6 8. Nc3 Be7 9. Bd3 0-0 10. 0-0 Nb6 11. Bf4 Nbd5 12. Nxd5 Nxd5 13. Bg3 b6 14. Rc1 Bb7 15. Ne5 Rc8 16. Qh5 Nf6 17. Qh4 Rxc1 18. Rxc1 Ne4 19. Qg4 f5 20. Qe2 Qxd4 21. Rc7 Bd6 22. Rxb7 Bxe5 23. Bxe4 fxe4 24. Bxe5 Qxe5 25. Rxa7 Rc8 26. g3 Qd5 27. Qe3 h6 28. Qf4 Rf8 29. Qg4 Qe5 30. Re7 Qxb2 31. Qxe6+ Kh8 32. Rf7 Rxf7 33. Qxf7 Qe5 34. Qb3 b5 35. h4 Kh7 36. Kg2 Qf5 37. a3 Qe5 38. Qe3 Qd5 39. Kh2 Qd3 40. Qf4 Qd5 41. g4 Kg8 42. h5 Qd3 43. Qb8+ Kh7 44. Qf4 Kg8 45. Qb8+ 1/2-1/2

[Event "Wch U20 Girls 32nd"]
[White "Olenina, Aysa"]
[Black "Tarini, Goyal"]
[Site "Pune"]
[Round "11"]
[Result "1/2-1/2"]
[Date "2014.10.17"]
[WhiteElo "2077"]
[BlackElo "1868"]
[PlyCount "101"]
[EventDate "2014.10.06"]
[EventType "swiss"]
[EventRounds "13"]
[EventCountry "IND"]
[SourceTitle "EXT 2015"]
[Source "ChessBase"]
[SourceDate "2014.11.20"]
[SourceVersion "1"]
[SourceVersionDate "2014.11.20"]
[SourceQuality "1"]

1. e4 c5 2. Nf3 Nc6 3. d4 cxd4 4. Nxd4 g6 5. Nc3 Bg7 6. Be3 Nf6 7. Be2 0-0 8. Nb3 d6 9. 0-0 Be6 10. f4 Na5 11. f5 Bc4 12. fxg6 hxg6 13. Nxa5 Bxe2 14. Qxe2 Qxa5 15. Bd4 Qb4 16. Rad1 e5 17. a3 Qa5 18. Be3 Ne8 19. Nd5 Qd8 20. c4 b6 21. b4 Rc8 22. c5 bxc5 23. bxc5 dxc5 24. Nf6+ Nxf6 25. Rxd8 Rfxd8 26. Bg5 Rd6 27. Qb2 Rb6 28. Qd2 c4 29. Bxf6 Rxf6 30. Rxf6 Bxf6 31. Qd7 Rb8 32. Qc6 Be7 33. Qxc4 Bxa3 34. Qc3 Bb2 35. Qg3 Bd4+ 36. Kf1 Rb2 37. h4 Rf2+ 38. Ke1 Rf4 39. Kd2 Rxe4 40. h5 Kg7 41. hxg6 fxg6 42. Qh3 Rf4 43. g4 e4 44. g5 Rf5 45. Qh4 Be5 46. Qh6+ Kf7 47. Ke3 Bf4+ 48. Kxe4 Bxg5 49. Qh7+ Kf6 50. Qh8+ Kf7 51. Qh7+ 1/2-1/2

[Event "Wch U20 Girls 32nd"]
[White "Nguyen, Thi Mai Hung"]
[Black "Olenina, Aysa"]
[Site "Pune"]
[Round "4"]
[Result "1/2-1/2"]
[Date "2014.10.09"]
[WhiteElo "2299"]
[BlackElo "2077"]
[PlyCount "146"]
[EventDate "2014.10.06"]
[EventType "swiss"]
[EventRounds "13"]
[EventCountry "IND"]
[SourceTitle "EXT 2015"]
[Source "ChessBase"]
[SourceDate "2014.11.20"]
[SourceVersion "1"]
[SourceVersionDate "2014.11.20"]
[SourceQuality "1"]

1. d4 Nf6 2. Nf3 e6 3. e3 d5 4. Bd3 Be7 5. 0-0 0-0 6. Nbd2 c5 7. b3 b6 8. Bb2 Bb7 9. Ne5 Nbd7 10. Qf3 Qc7 11. Qh3 h6 12. Rad1 Nxe5 13. dxe5 Ne4 14. c4 Nxd2 15. Rxd2 Rfd8 16. Rfd1 dxc4 17. bxc4 b5 18. Qg4 bxc4 19. Bxc4 Rxd2 20. Rxd2 Rd8 21. Qd1 Bc6 22. Bc3 Rxd2 23. Qxd2 Qb7 24. f3 Qb1+ 25. Bf1 Bd5 26. a4 Bh4 27. g3 Bg5 28. Kf2 Bxf3 29. h4 Be7 30. Qd7 Qb7 31. Qe8+ Bf8 32. Qb5 Qe4 33. Bd3 Qg4 34. Qc4 Qxc4 35. Bxc4 Bc6 36. a5 Be7 37. Ke2 Kf8 38. Bb2 Ke8 39. Kd3 Kd7 40. Ba3 Ba4 41. Bc1 Kc6 42. Bd2 Bb5 43. h5 Bd8 44. Be1 Bc7 45. Bc3 a6 46. g4 Kb7 47. e4 Kc6 48. Be1 Bxe5 49. Bd2 Bf6 50. Be3 Bh4 51. Bd2 f6 52. Bc3 Bg5 53. Be1 Bxc4+ 54. Kxc4 Be3 55. Kd3 Bd4 56. Kc4 Kd6 57. Bg3+ Ke7 58. Bh4 Kf7 59. Bg3 g6 60. Bd6 gxh5 61. gxh5 f5 62. exf5 exf5 63. Bf4 Kg7 64. Kd5 Bc3 65. Kxc5 Bxa5 66. Kd5 Kf6 67. Bxh6 Be1 68. Bc1 Bh4 69. Kc6 Bg5 70. Bb2+ Ke6 71. Kb6 f4 72. Bd4 f3 73. Kxa6 Kd5 1/2-1/2

[Event "Wch U20 Girls 32nd"]
[White "Olenina, Aysa"]
[Black "Kovacs, Klara"]
[Site "Pune"]
[Round "2"]
[Result "1-0"]
[Date "2014.10.07"]
[WhiteElo "2077"]
[BlackElo "2232"]
[PlyCount "128"]
[EventDate "2014.10.06"]
[EventType "swiss"]
[EventRounds "13"]
[EventCountry "IND"]
[SourceTitle "EXT 2015"]
[Source "ChessBase"]
[SourceDate "2014.11.20"]
[SourceVersion "1"]
[SourceVersionDate "2014.11.20"]
[SourceQuality "1"]

1. e4 e5 2. Nf3 Nc6 3. Nc3 Nf6 4. Bb5 Bb4 5. 0-0 0-0 6. d3 d6 7. Bg5 Bxc3 8. bxc3 Qe7 9. Re1 Nd8 10. d4 h6 11. Bc1 Bd7 12. Bf1 Bg4 13. d5 Nd7 14. h3 Bh5 15. g4 Bg6 16. Bg2 b6 17. Nd2 Nb7 18. Nf1 Nbc5 19. Ng3 Rac8 20. c4 Rfd8 21. Qf3 c6 22. Bf1 cxd5 23. cxd5 Nb7 24. Ba6 Ndc5 25. Bb5 a6 26. Bf1 b5 27. Bd2 Na4 28. Rec1 Nb6 29. Nf5 Bxf5 30. gxf5 Nc4 31. Bxc4 Rxc4 32. Kh2 Qf6 33. Rg1 Rxc2 34. Qd3 Rc4 35. Rg4 Nc5 36. Qe2 Kh7 37. Rag1 Rg8 38. Qe3 b4 39. Qe2 Rc2 40. Qd1 Rxa2 41. Bxb4 Rxf2+ 42. Kh1 g6 43. Bxc5 dxc5 44. d6 c4 45. R1g3 Rf4 46. d7 g5 47. Rc3 Rd8 48. Rxc4 Qb6 49. Rxf4 exf4 50. Rc8 f3 51. Rxd8 Qxd8 52. e5 g4 53. f6 h5 54. Qd3+ Kh6 55. h4 Qa5 56. Qe3+ Kh7 57. Qe4+ Kh8 58. e6 Qa1+ 59. Kh2 Qxf6 60. Kg3 fxe6 61. Qf4 Qd8 62. Qh6+ Kg8 63. Qg5+ Qxg5 64. hxg5 h4+ 1-0

[Event "Wch U20 Girls 31st"]
[White "Olenina, Aysa"]
[Black "Saranya, J."]
[Site "Kocaeli"]
[Round "12"]
[Result "1-0"]
[Date "2013.09.25"]
[WhiteElo "2067"]
[BlackElo "2094"]
[PlyCount "63"]
[EventDate "2013.09.13"]
[EventType "swiss"]
[EventRounds "13"]
[EventCountry "TUR"]
[SourceTitle "CBM 156 Extra"]
[Source "ChessBase"]
[SourceDate "2013.10.22"]
[SourceVersion "1"]
[SourceVersionDate "2013.10.22"]
[SourceQuality "1"]

1. e4 c5 2. Nf3 d6 3. d4 cxd4 4. Nxd4 Nf6 5. Nc3 a6 6. Be2 e5 7. Nb3 Be6 8. 0-0 Nbd7 9. f4 Qc7 10. f5 Bc4 11. Be3 b5 12. a3 Be7 13. Nd2 Bxe2 14. Qxe2 Nb6 15. Rad1 0-0 16. Kh1 Rfd8 17. Rg1 Rac8 18. Qf3 Nfd7 19. Nf1 Qc6 20. Bxb6 Nxb6 21. Ne3 Qb7 22. Qg4 Kf8 23. Rd2 h6 24. h4 Rxc3 25. bxc3 Rc8 26. f6 Bxf6 27. Rxd6 Nc4 28. Nf5 Rc6 29. Rxf6 gxf6 30. Qg7+ Ke8 31. Qg8+ Kd7 32. Rd1+ 1-0

[Event "Wch U20 Girls 31st"]
[White "Stetsko, Lanita"]
[Black "Olenina, Aysa"]
[Site "Kocaeli"]
[Round "9"]
[Result "1-0"]
[Date "2013.09.22"]
[WhiteElo "2213"]
[BlackElo "2067"]
[PlyCount "95"]
[EventDate "2013.09.13"]
[EventType "swiss"]
[EventRounds "13"]
[EventCountry "TUR"]
[SourceTitle "CBM 156 Extra"]
[Source "ChessBase"]
[SourceDate "2013.10.22"]
[SourceVersion "1"]
[SourceVersionDate "2013.10.22"]
[SourceQuality "1"]

1. e4 e5 2. Nf3 Nc6 3. Bb5 a6 4. Ba4 Nf6 5. 0-0 Be7 6. Re1 b5 7. Bb3 d6 8. c3 0-0 9. h3 Na5 10. Bc2 c5 11. d4 Nd7 12. b3 cxd4 13. cxd4 Nc6 14. Nc3 Nb6 15. Bb2 Bb7 16. a3 Re8 17. Nd5 Bf8 18. Ne3 g6 19. d5 Nb8 20. a4 bxa4 21. bxa4 a5 22. Qd2 Bh6 23. Bd3 Ba6 24. Bc3 Bxd3 25. Qxd3 Bxe3 26. Qxe3 N8d7 27. Qh6 Qf6 28. Reb1 Rec8 29. Qd2 Rc4 30. Bxa5 Rxa4 31. Rxa4 Nxa4 32. Nh2 Nac5 33. f3 h5 34. Nf1 Qe7 35. Ne3 Qg5 36. Nc4 Qxd2 37. Bxd2 Ra6 38. Ba5 Kf8 39. Bc7 Ke7 40. Na5 Nf6 41. Nc6+ Kd7 42. Bb6 Kc8 43. Bxc5 dxc5 44. Nxe5 Ra7 45. Rc1 Nd7 46. Nxf7 Kc7 47. e5 Kb6 48. Rb1+ 1-0

[Event "Wch U20 Girls 31st"]
[White "Ivana Maria, Furtado"]
[Black "Olenina, Aysa"]
[Site "Kocaeli"]
[Round "7"]
[Result "1/2-1/2"]
[Date "2013.09.19"]
[WhiteElo "2134"]
[BlackElo "2067"]
[PlyCount "80"]
[EventDate "2013.09.13"]
[EventType "swiss"]
[EventRounds "13"]
[EventCountry "TUR"]
[SourceTitle "CBM 156 Extra"]
[Source "ChessBase"]
[SourceDate "2013.10.22"]
[SourceVersion "1"]
[SourceVersionDate "2013.10.22"]
[SourceQuality "1"]

1. Nf3 Nf6 2. c4 e6 3. Nc3 d5 4. d4 Be7 5. Bg5 Nbd7 6. e3 a6 7. cxd5 exd5 8. Bd3 0-0 9. 0-0 c5 10. Bc2 c4 11. a4 Qc7 12. Re1 Bb4 13. Bf5 Qa5 14. Qc2 Re8 15. Rec1 g6 16. Bh3 Bxc3 17. bxc3 Ne4 18. Bf4 f5 19. Nd2 Nxd2 20. Qxd2 Qd8 21. g3 Nb8 22. Bxb8 Rxb8 23. Bg2 b6 24. Rcb1 Bb7 25. Qd1 Bc6 26. g4 Qd7 27. gxf5 Qxf5 28. Qf3 Qxf3 29. Bxf3 Kf7 30. Rb4 Ke6 31. e4 dxe4 32. Rxc4 Kd6 33. Be2 e3 34. d5 exf2+ 35. Kxf2 Bxd5 36. Rd4 Kc5 37. Bxa6 Re5 38. Rf4 Rf5 39. Rxf5 gxf5 40. Rb1 Bc6 1/2-1/2

[Event "EU-ch (Women) 14th"]
[White "Folkova, Martina"]
[Black "Olenina, Aysa"]
[Site "Belgrade"]
[Round "11"]
[Result "1-0"]
[Date "2013.08.03"]
[WhiteElo "2189"]
[BlackElo "2079"]
[PlyCount "141"]
[EventDate "2013.07.23"]
[EventType "swiss"]
[EventRounds "11"]
[EventCountry "SRB"]
[SourceTitle "CBM 155 Extra"]
[Source "ChessBase"]
[SourceDate "2013.08.26"]
[SourceVersion "1"]
[SourceVersionDate "2013.08.26"]
[SourceQuality "1"]

1. e4 e5 2. Nf3 Nc6 3. Bb5 a6 4. Ba4 Nf6 5. 0-0 Be7 6. Re1 b5 7. Bb3 d6 8. c3 0-0 9. h3 Na5 10. Bc2 c5 11. d4 Qc7 12. Nbd2 cxd4 13. cxd4 Nc6 14. Nb3 a5 15. Be3 Nb4 16. Bb1 Bb7 17. a3 Na6 18. Nbd2 Rfc8 19. Bd3 b4 20. d5 Nc5 21. Rc1 Nfd7 22. Bb5 bxa3 23. bxa3 Qd8 24. Nc4 Nf6 25. Bxc5 Rxc5 26. Rb1 Ba6 27. Bxa6 Rxa6 28. Nfd2 Ra8 29. Qa4 Nd7 30. Nb3 Rcc8 31. Ncxa5 Nc5 32. Qb5 Rcb8 33. Qc4 Nxb3 34. Nc6 Na5 35. Rxb8 Qxb8 36. Qb4 Qc7 37. Rc1 Nb7 38. a4 Bg5 39. Rb1 Nd8 40. Qb5 Bd2 41. Nxe5 g6 42. Qe8+ Kg7 43. Nd7 Kh6 44. Qf8+ Kg5 45. h4+ Kxh4 46. Qe7+ g5 47. Kh2 Ra7 48. Qf6 Bf4+ 49. g3+ Bxg3+ 50. fxg3+ Kh5 51. g4+ Kh4 52. Qh6+ Kxg4 53. Rg1+ Kf3 54. Qh3+ Kxe4 55. Nf6+ Ke5 56. Qf3 Qc2+ 57. Rg2 Qc1 58. Ng4+ Kd4 59. Qf2+ Kxd5 60. Qxa7 Qf4+ 61. Rg3 h5 62. Ne3+ Ke6 63. Kg2 g4 64. Qc7 Qe4+ 65. Kh2 h4 66. Rxg4 Qxe3 67. Qxd8 Qe2+ 68. Kh3 Qf3+ 69. Kxh4 Qh1+ 70. Kg5 Qc1+ 71. Kh5 1-0

[Event "EU-ch (Women) 14th"]
[White "Olenina, Aysa"]
[Black "Benderac, Ana"]
[Site "Belgrade"]
[Round "8"]
[Result "1/2-1/2"]
[Date "2013.07.31"]
[WhiteElo "2079"]
[BlackElo "2225"]
[PlyCount "150"]
[EventDate "2013.07.23"]
[EventType "swiss"]
[EventRounds "11"]
[EventCountry "SRB"]
[SourceTitle "CBM 155 Extra"]
[Source "ChessBase"]
[SourceDate "2013.08.26"]
[SourceVersion "1"]
[SourceVersionDate "2013.08.26"]
[SourceQuality "1"]

1. e4 d6 2. d4 e5 3. Nf3 exd4 4. Nxd4 Nf6 5. Nc3 Be7 6. Bc4 0-0 7. Bb3 Na6 8. 0-0 Nc5 9. Qf3 Nxb3 10. axb3 a6 11. h3 c6 12. Bf4 d5 13. e5 Ne8 14. Rfe1 Nc7 15. Bg3 Be6 16. Nf5 Bxf5 17. Qxf5 Qc8 18. Qd3 Ne6 19. f4 f5 20. Kh1 Qe8 21. Ne2 Bc5 22. Bh2 Qh5 23. c3 Rae8 24. b4 Bb6 25. Rf1 g6 26. Rad1 Rf7 27. c4 dxc4 28. Qxc4 Qh4 29. Rd6 Qe7 30. Rfd1 Bc7 31. R6d3 Bb6 32. Nc3 h6 33. Na4 Ba7 34. Nc3 Kh7 35. Qb3 Rg7 36. g3 Rd8 37. Rxd8 Nxd8 38. Ne2 c5 39. bxc5 Bxc5 40. Nc3 Nc6 41. Nd5 Qf7 42. Nf6+ Kh8 43. Qc3 Bb4 44. Qf3 Be7 45. Nd5 Qe6 46. Bg1 Bd8 47. Bc5 g5 48. Qh5 gxf4 49. gxf4 Qg6 50. Qxg6 Rxg6 51. Ne3 Be7 52. Bxe7 Nxe7 53. Kh2 Rb6 54. Rd7 Rxb2+ 55. Kg3 Rb3 56. Kf3 Ng6 57. e6 Kg8 58. Kf2 Rb4 59. Nd5 Rb2+ 60. Ke1 Kf8 61. Nf6 Ne7 62. Rd8+ Kg7 63. Ne8+ Kg6 64. Rd7 Nc6 65. Rg7+ Kh5 66. Nd6 Rb4 67. Rc7 a5 68. Nxf5 Rxf4 69. Ng7+ Kh4 70. Kd2 Re4 71. Rxb7 Kxh3 72. Rc7 Nb4 73. Rc3+ Kg2 74. Ra3 Nc6 75. Rc3 Nb4 1/2-1/2

[Event "EU-ch U18 Girls"]
[White "Olenina, Aysa"]
[Black "Khlichkova, Tatiana"]
[Site "Prague"]
[Round "5"]
[Result "1/2-1/2"]
[Date "2012.08.21"]
[WhiteElo "2095"]
[BlackElo "2123"]
[PlyCount "110"]
[EventDate "2012.08.17"]
[EventType "swiss"]
[EventRounds "9"]
[EventCountry "CZE"]
[SourceTitle "CBM 150 Extra"]
[Source "ChessBase"]
[SourceDate "2012.10.19"]
[SourceVersion "1"]
[SourceVersionDate "2012.10.19"]
[SourceQuality "1"]

1. e4 d5 2. exd5 Nf6 3. Nc3 Nxd5 4. Nf3 Nxc3 5. bxc3 g6 6. d4 Bg7 7. Bc4 0-0 8. 0-0 Nd7 9. Ba3 Nb6 10. Bd3 Re8 11. Re1 Nd5 12. Qd2 c6 13. Rab1 Qa5 14. Rb3 Be6 15. c4 Qxd2 16. Nxd2 Nb6 17. c3 Red8 18. Bxe7 Re8 19. Bg5 Bxc4 20. Rxe8+ Rxe8 21. Nxc4 Re1+ 22. Bf1 Nxc4 23. Rxb7 h6 24. Bf4 g5 25. Rb4 Nb6 26. Bc7 Bf8 27. Rb2 Nc4 28. Re2 Rd1 29. f3 c5 30. Kf2 cxd4 31. cxd4 Rxd4 32. Re4 Bc5 33. Rxd4 Bxd4+ 34. Kg3 Ne3 35. Bd3 Kg7 36. a4 h5 37. f4 Nd5 38. Be5+ Bxe5 39. fxe5 Nf4 40. Bc4 Ng6 41. e6 f5 42. Kf2 Kf6 43. Ke3 Nf4 44. g3 Nxe6 45. h4 gxh4 46. gxh4 Ke5 47. Be2 f4+ 48. Kf2 Nc5 49. Bxh5 Nxa4 50. Be8 Nc5 51. h5 Ne4+ 52. Kf3 Nf6 53. h6 Kf5 54. Ba4 Kg5 55. Bc2 Kxh6 1/2-1/2

[Event "Wch U20 Girls 30th"]
[White "Koutsogiannopoulou, Theodora"]
[Black "Olenina, Aysa"]
[Site "Athens"]
[Round "11"]
[Result "1/2-1/2"]
[Date "2012.08.13"]
[WhiteElo "1897"]
[BlackElo "2095"]
[PlyCount "62"]
[EventDate "2012.08.02"]
[EventType "swiss"]
[EventRounds "13"]
[EventCountry "GRE"]
[SourceTitle "CBM 149 Extra"]
[Source "ChessBase"]
[SourceDate "2012.08.24"]
[SourceVersion "1"]
[SourceVersionDate "2012.08.24"]
[SourceQuality "1"]

1. e4 e5 2. Nf3 Nc6 3. Bb5 a6 4. Ba4 Nf6 5. d3 b5 6. Bb3 Bc5 7. 0-0 d6 8. c3 h6 9. Re1 0-0 10. h3 Re8 11. Nbd2 d5 12. Qe2 d4 13. Nf1 a5 14. a4 dxc3 15. bxc3 b4 16. cxb4 Nxb4 17. Bc4 Ba6 18. Rd1 Qd6 19. Ng3 Rad8 20. Nf5 Qb6 21. Be3 Bxc4 22. Bxc5 Qxc5 23. dxc4 Rxd1+ 24. Rxd1 Qc6 25. Nd2 Qxa4 26. Nf1 Qc2 27. Qf3 Qxe4 28. Nxh6+ Kf8 29. Rd7 Re7 30. Rd8+ Re8 31. Rd7 Re7 1/2-1/2

[Event "Wch U20 Girls 30th"]
[White "Vatkali, Dimitra"]
[Black "Olenina, Aysa"]
[Site "Athens"]
[Round "10"]
[Result "1-0"]
[Date "2012.08.12"]
[WhiteElo "1936"]
[BlackElo "2095"]
[PlyCount "103"]
[EventDate "2012.08.02"]
[EventType "swiss"]
[EventRounds "13"]
[EventCountry "GRE"]
[SourceTitle "CBM 149 Extra"]
[Source "ChessBase"]
[SourceDate "2012.08.24"]
[SourceVersion "1"]
[SourceVersionDate "2012.08.24"]
[SourceQuality "1"]

1. e4 e5 2. Nf3 Nc6 3. d4 exd4 4. Nxd4 Nf6 5. Nxc6 bxc6 6. e5 Qe7 7. Qe2 Nd5 8. c4 Nb6 9. Nc3 Bb7 10. h4 h6 11. Bf4 0-0-0 12. 0-0-0 f6 13. exf6 Qxf6 14. Qe5 Qxe5 15. Bxe5 d6 16. Bd4 c5 17. Be3 c6 18. Ne4 Be7 19. b3 Rhe8 20. Be2 Bf8 21. Bg4+ Kb8 22. Bf5 Bc8 23. Bg6 Re6 24. h5 d5 25. Bf4+ Kb7 26. Bg3 Be7 27. Bh4 Rf8 28. Bxe7 Rxe7 29. Nxc5+ Ka8 30. cxd5 cxd5 31. Nd3 Bb7 32. Rd2 d4 33. f3 Nd5 34. Rh4 Nc3 35. Kb2 Ne2 36. Nc5 Re3 37. Nxb7 Kxb7 38. Bd3 Nf4 39. Be4+ Kb6 40. Rxd4 Re2+ 41. Ka3 Rxg2 42. Rh1 Kc5 43. Rhd1 Rf6 44. Rc4+ Kb5 45. Rb4+ Kc5 46. Ra4 Kb6 47. Rd7 a5 48. Rc4 Rg5 49. Rc8 Kb5 50. Rb7+ Rb6 51. Bc6+ Kc5 52. Be8+ 1-0

[Event "Wch U20 Girls 30th"]
[White "Olenina, Aysa"]
[Black "Nonkovic, Bogdana"]
[Site "Athens"]
[Round "9"]
[Result "0-1"]
[Date "2012.08.11"]
[WhiteElo "2095"]
[BlackElo "1950"]
[PlyCount "140"]
[EventDate "2012.08.02"]
[EventType "swiss"]
[EventRounds "13"]
[EventCountry "GRE"]
[SourceTitle "CBM 149 Extra"]
[Source "ChessBase"]
[SourceDate "2012.08.24"]
[SourceVersion "1"]
[SourceVersionDate "2012.08.24"]
[SourceQuality "1"]

1. e4 d6 2. d4 Nf6 3. Nc3 e5 4. Nf3 Nbd7 5. Bc4 Be7 6. 0-0 0-0 7. a4 c6 8. Re1 exd4 9. Nxd4 Ne5 10. Ba2 Re8 11. h3 Bd7 12. f4 Ng6 13. Be3 Qa5 14. Qd3 Bd8 15. b4 Qxb4 16. Reb1 Qa5 17. Rxb7 Bb6 18. Kh1 Qh5 19. a5 Bc5 20. Rf1 Re7 21. f5 Ne5 22. Qd2 Rae8 23. Nde2 Bxe3 24. Qxe3 Bc8 25. Rxa7 Rxa7 26. Qxa7 Nxe4 27. Qe3 Nf6 28. Kg1 Ba6 29. Ng3 Qh4 30. Qf4 Qxf4 31. Rxf4 d5 32. Rb4 Nfd7 33. Kf2 Kf8 34. Na4 Ke7 35. Nb6 Kd6 36. Nxd7 Nxd7 37. c4 Ne5 38. Rb6 Bxc4 39. Bxc4 Nxc4 40. Ra6 d4 41. Ne2 d3 42. Nc3 d2 43. Ra7 Re3 44. Nd1 Re1 45. Nc3 Ne5 46. a6 d1Q 47. Nxd1 Rxd1 48. Ra8 Ra1 49. a7 Ke7 50. g4 c5 51. Ke3 Nc6 52. Rc8 Nxa7 53. Rxc5 Kd6 54. Rc3 Nc6 55. Kf4 Ra4+ 56. Kg5 Ne5 57. Rb3 f6+ 58. Kh5 g6+ 59. fxg6 hxg6+ 60. Kh6 f5 61. Rb6+ Kd5 62. gxf5 gxf5 63. Kg5 f4 64. Rf6 f3 65. Rf5 Re4 66. Kf6 Kd4 67. h4 Ng4+ 68. Kg6 f2 69. h5 Ke3 70. h6 Nxh6 0-1

[Event "Wch U20 Girls 30th"]
[White "Olenina, Aysa"]
[Black "Abdumalik, Zhansaya"]
[Site "Athens"]
[Round "5"]
[Result "1-0"]
[Date "2012.08.06"]
[WhiteElo "2095"]
[BlackElo "2193"]
[PlyCount "63"]
[EventDate "2012.08.02"]
[EventType "swiss"]
[EventRounds "13"]
[EventCountry "GRE"]
[SourceTitle "CBM 149 Extra"]
[Source "ChessBase"]
[SourceDate "2012.08.24"]
[SourceVersion "1"]
[SourceVersionDate "2012.08.24"]
[SourceQuality "1"]

1. e4 c5 2. Nf3 d6 3. d4 cxd4 4. Nxd4 Nf6 5. Nc3 a6 6. Be2 e5 7. Nb3 Be7 8. 0-0 0-0 9. a4 Be6 10. f4 Qc7 11. Kh1 Nbd7 12. Be3 Rac8 13. f5 Bc4 14. a5 Qc6 15. Bxc4 Qxc4 16. Ra4 Qc6 17. Qf3 Nc5 18. Rc4 Rfd8 19. g4 h6 20. g5 hxg5 21. Bxg5 Kf8 22. Bxf6 Bxf6 23. Qh5 Ke8 24. Rd1 Be7 25. Nd5 Qb5 26. Rb4 Qc6 27. f6 gxf6 28. Nxc5 dxc5 29. Rb6 Rxd5 30. Rxd5 Qa4 31. Qf5 Rc7 32. Rxb7 1-0

[Event "Belgrade (Women) 44th"]
[White "Olenina, Aysa"]
[Black "Miladinovic, Lena"]
[Site "Belgrade"]
[Round "7"]
[Result "1-0"]
[Date "2012.03.09"]
[WhiteElo "2019"]
[BlackElo "2060"]
[PlyCount "49"]
[EventDate "2012.03.03"]
[EventType "tourn"]
[EventRounds "9"]
[EventCountry "SRB"]
[SourceTitle "CBM 147 Extra"]
[Source "ChessBase"]
[SourceDate "2012.04.24"]
[SourceVersion "1"]
[SourceVersionDate "2012.04.24"]
[SourceQuality "1"]

1. e4 c5 2. Nf3 e6 3. d4 cxd4 4. Nxd4 Nc6 5. Nc3 Qc7 6. Be2 Nf6 7. 0-0 Be7 8. Be3 0-0 9. Nb3 a6 10. f4 d6 11. Qe1 b5 12. a3 Bb7 13. h3 Rfe8 14. Qg3 Kh8 15. Rae1 Rad8 16. Bd3 b4 17. axb4 Nxb4 18. Bd4 Nc6 19. Bf2 Nb4 20. Nd4 Nxd3 21. cxd3 g6 22. Qe3 Qc5 23. Na4 Qb4 24. Ra1 Rc8 25. Be1 1-0

[Event "Belgrade (Women) 44th"]
[White "Vega Gutierrez, Belinda Vidina"]
[Black "Olenina, Aysa"]
[Site "Belgrade"]
[Round "4"]
[Result "0-1"]
[Date "2012.03.06"]
[WhiteElo "2177"]
[BlackElo "2019"]
[PlyCount "108"]
[EventDate "2012.03.03"]
[EventType "tourn"]
[EventRounds "9"]
[EventCountry "SRB"]
[SourceTitle "CBM 147 Extra"]
[Source "ChessBase"]
[SourceDate "2012.04.24"]
[SourceVersion "1"]
[SourceVersionDate "2012.04.24"]
[SourceQuality "1"]

1. e4 e5 2. Nf3 Nc6 3. Bb5 a6 4. Ba4 Nf6 5. 0-0 Be7 6. Re1 b5 7. Bb3 d6 8. c3 0-0 9. d4 Bg4 10. Be3 Na5 11. dxe5 Bxf3 12. Qxf3 dxe5 13. Bc2 Nc4 14. Bc1 Bc5 15. b3 Nb6 16. Bg5 Nbd7 17. Nd2 h6 18. Bh4 Qe7 19. Nf1 Qe6 20. h3 b4 21. cxb4 Bxb4 22. Red1 Bc5 23. Rac1 Bd4 24. Bd3 c5 25. Bc4 Qc6 26. Re1 g6 27. Ne3 Kg7 28. Nd5 Rab8 29. Qe2 a5 30. a4 Nxd5 31. Bxd5 Qd6 32. Bc4 g5 33. Bg3 Qg6 34. Kh2 h5 35. f3 g4 36. fxg4 hxg4 37. Bf2 Rh8 38. Bxd4 exd4 39. e5 gxh3 40. g3 Rbe8 41. e6 Nf6 42. Qf3 Ng4+ 43. Kh1 fxe6 44. Be2 Ne3 45. Rxc5 Rhf8 46. Qb7+ Rf7 47. Rc7 Ref8 48. Qc6 Rxc7 49. Qxc7+ Rf7 50. Qe5+ Qf6 51. Qxa5 e5 52. Qc5 Qf5 53. Rg1 Qe4+ 54. Kh2 Rf2+ 0-1